000 00492nam a2200169 a 4500
001 000047677
003 DO-SdBNP
005 20240910024706.0
008 180717s2006 dr a 000 spa d
040 _aDO-SdBNP
_bspa
_cBNPHU
082 _axxx
_b943
245 0 _aGuía turística:
_bde la Costa este República Dominicana.
260 _aSanto Domingo :
_bSecretaria de Estado de Turismo,
_c2006.
300 _a51 p. :
_bil ;
_c21 cm.
590 _aInventariado, 2018/DG
942 _2ddc
_cLF1
999 _c47165
_d47165